V roku 2019 si pripomenieme aj tieto udalosti

Bibliographic Details
Format: Article
Language:Slovak
ISSN:1210-2423
Subjects:

MARC

LEADER 00000nab a2200000 r4500
001 vtls011835290
003 SK-MaSNL
005 20260305032115.0
008 190118c2019 xo wr|p|||||||000 b|slo
015 |a SNBRB2019/01 
038 |a PPPK 
040 |a PPPKCL  |b slo  |e rda 
041 0 |a slo 
043 |a e-xo--- 
044 |a xo  |c SK 
072 7 |a 394  |x Verejný a spoločenský život. Každodenný život  |2 konspekt 
080 |a 394.46  |2 2011 
245 0 0 |a V roku 2019 si pripomenieme aj tieto udalosti 
336 |a text  |b txt  |2 rdacontent 
337 |a bez média  |b n  |2 rdamedia 
338 |a zväzok  |b nc  |2 rdacarrier 
500 |a Autor článku nie je uvedený. 
648 7 |a 2019  |2 pppkcl  |9 350886 
650 0 7 |a výročia a významné udalosti  |2 pppkcl  |9 16069 
651 7 |a Poprad (Slovensko)  |2 pppkcl  |9 20155 
651 7 |a Poprad (Slovensko : okres)  |2 pppkcl  |9 28675 
651 7 |a Kežmarok (Slovensko)  |2 pppkcl  |9 26808 
651 7 |a Kežmarok (Slovensko : okres)  |2 pppkcl  |9 51824 
773 0 |t Podtatranské noviny  |g Roč. LX, č. 1-2 (2019), s. 1  |x 1210-2423 
852 |a PPPK  |b KIS3GCP 
999 |c 3318751  |d 3320681